Celebrity Real Names - Statistics

General Stats
  • This quiz has been taken 2,029 times
    1,991 since last reset
  • The average score is 10 of 25
Answer Stats
Hint Answer % Correct
Dwayne Johnson Actor/Wrestler The Rock
86%
Angelina Voight Actress Angelina Jolie
85%
Marshall Mathers III Actor/Musician Eminem
70%
Norma Jean Baker Actress Marilyn Monroe
64%
Stefani Joanne Angelina Germanotta Musician Lady Gaga
63%
Cassius Clay Boxer Muhammad Ali
56%
Sean Combs Musician Puff Daddy
55%
Lee Yuen Kam Martial Artist/Actor Bruce Lee
54%
Carlos Estévez Actor Charlie Sheen
51%
Nicholas Coppola Actor Nicolas Cage
48%
Ramon Estevez Actor Martin Sheen
41%
Cherilyn Sarkisian Musician/Actress Cher
40%
Curtis Jackson Musician 50 Cent
38%
Edson Arantes Do Nascimento Soccer Player Pele
32%
Farrokh Bulsara Musician Freddie Mercury
31%
Samuel Clemens Author Mark Twain
31%
Robert Van Winkle Rapper Vanilla Ice
31%
Audrey Faith Perry McGraw Musician Faith Hill
28%
Marion Morrison Actor John Wayne
27%
Terry Bollea Actor/Wrestler Hulk Hogan
20%
Walter Matuschanskayasky Actor Walter Matthau
16%
Saul Hudson Musician Slash
13%
Carlos Ray Martial Artist/Actor Chuck Norris
12%
La Donna Gaines Musician Donna Summer
10%
Lawrence Tero Actor Mr. T
6%
No matching quizzes found
Score Distribution
Percent of People with Each Score
Percentile by Number Answered
Your Score History
You have not taken this quiz since the last reset